000 00288nam a2200133 i 4500
001 bg
100 1 _aPETELA, R.
245 0 _aPrzepływ ciepła /
_cR. Petela.
260 _aWarszawa,
_c1983.
040 _cBPK
041 _apol
942 _cKS
008 s pl f |000 0 pol
999 _c1867
_d1867
856 _uhttp://koha.tu.koszalin.pl/cgi-bin/koha/opac-detail.pl?biblionumber=1867
_yKatalog online BPK